Christ in the tabernacle. (Record no. 2527)

000 -LEADER
fixed length control field 00640nam a2200193 a 4500
001 - CONTROL NUMBER
control field :::00000252$&:&@@
003 - CONTROL NUMBER IDENTIFIER
control field OkBaRHE
005 - DATE AND TIME OF LATEST TRANSACTION
control field 20100331140318.0
008 - FIXED-LENGTH DATA ELEMENTS--GENERAL INFORMATION
fixed length control field j 000 0 eng u
040 ## - CATALOGING SOURCE
Transcribing agency
100 1# - MAIN ENTRY--PERSONAL NAME
Personal name Simpson, Albert Benjamin.
245 10 - TITLE STATEMENT
Title Christ in the tabernacle.
260 ## - PUBLICATION, DISTRIBUTION, ETC. (IMPRINT)
Place of publication, distribution, etc Harrisburg, PA., :
Name of publisher, distributor, etc Christian Publications, Inc.
300 ## - PHYSICAL DESCRIPTION
Extent 143 p. ;
Dimensions 18 cm.
650 ## - SUBJECT ADDED ENTRY--TOPICAL TERM
Topical term or geographic name as entry element Tabernacle
General subdivision Typology.
650 ## - SUBJECT ADDED ENTRY--TOPICAL TERM
Topical term or geographic name as entry element Typology (Theology).
942 ## - ADDED ENTRY ELEMENTS (KOHA)
Source of classification or shelving scheme
Koha item type Books
Copies
Full call number Permanent Location Barcode Damaged status Withdrawn status Koha item type Current Location Copy number Date last seen Date acquired Price effective from Checked out Total Renewals Total Checkouts Not for loan Source of classification or shelving scheme Lost status Shelving location Date checked out
BM 654 .S55 C49RHEMA Bible Training College252  BooksRHEMA Bible Training College12018-11-262010-04-142010-04-142018-12-1053   General Stacks2018-11-26